History Quiz

Random History or Year Quiz

This Day in History: August Quiz Stats

 Plays Quiz Updated Nov 28, 2011

Challenge
Share
Tweet
Embed
Score 0/31 Timer 07:00
8 Plays Today
Day Answer % Correct
Aug 4Anne Frank
95.6%
Aug 6Hiroshima
93.9%
Aug 8Richard Nixon
92.7%
Aug 1Germany
90.9%
Aug 28Martin Luther King, Jr
87%
Aug 3Nina, Pinta, Santa Maria
84.4%
Aug 2Kuwait
82.7%
Aug 10Louvre
82.1%
Aug 15Panama Canal
81.7%
Aug 19Iran
80.5%
Aug 31Jack the Ripper
78.1%
Aug 21Mona Lisa
74.5%
Aug 14Poland
73.4%
Aug 24Mount Vesuvius
73.1%
Aug 23Soviet Union
70.1%
Aug 30Cleopatra VII
64.6%
Day Answer % Correct
Aug 11Ronald Reagan
60.3%
Aug 16Yukon Territory
58.9%
Aug 18Genghis Khan
55.9%
Aug 29Incan
54.6%
Aug 12Berlin Wall
48%
Aug 7Bull Moose Party
47.2%
Aug 26Charles de Gaulle
45.8%
Aug 27Indonesia
43.8%
Aug 20Leon Trotsky
41.7%
Aug 25Emperor Constantine
34.4%
Aug 13Tenochtitlán
26.6%
Aug 9Visigoths
25%
Aug 5Burkina Faso
22.6%
Aug 22Michael Collins
20.9%
Aug 17José de San Martín
6%

You're not logged in!

Compare scores with friends on all Sporcle quizzes.
Join for Free
OR
Log In

You Might Also Like...

Show Comments

Extras

Top Quizzes Today


Score Distribution

Your Account Isn't Verified!

In order to create a playlist on Sporcle, you need to verify the email address you used during registration. Go to your Sporcle Settings to finish the process.

Report this User

Report this user for behavior that violates our Community Guidelines.

Details: